000 03210nam0a2200421 4500
001 RU\NLR\BIBL_A\016219536
005 20230126092157.0
010 _a978-5-02-040889-0
_9500
021 _aRU
_bКН-П-22-076024
_9КН-П-22-6632
035 _a(NLR Aleph) 016219536
090 _a12733951
_c12733951
100 _a20221128d2022 u y0rusy50 ca
101 0 _arus
102 _aRU
105 _aab z 000zy
181 0 _ai
_baxxe
182 0 _an
200 1 _aОрганизация и оплата медицинской помощи пациентам со злокачественными новообразованиями
_f[Авксентьева М. В. - доктор медицинских наук, профессор, Железнякова И. А., Зуев А. В. и др.]
_gпод редакцией доктора медицинских наук, генерального директора ФГБУ "Центр экспертизы и контроля качества медицинской помощи" Минздрава России В. В. Омельяновского [и др.]
_gФедеральное государственное бюджетное учреждение ""Центр экспертизы и контроля качества медицинской помощи" Минздрава России, Федеральное государственное бюджетное образовательное учреждение дополнительного профессионального образования "Российская медицинская академия непрерывного профессионального образования" Минздрава России
203 _aТекст
_bвизуальный
_cнепосредственный
205 _a2-е изд., доп.
210 _aМосква
_cНаука
_d2022
215 _a243, [1] с.
_cил., цв. ил., табл.
_d23
225 1 _aИнформация. Аналитика. Решения
_eИАР
320 _aБиблиогр. в конце гл. и в подстроч. примеч.
606 1 _aОнкологическая помощь
_xЭкономические вопросы
_yРоссийская Федерация
_92503058
_3RU\NLR\AUTH\6601699821
606 1 _aМедицинская помощь
_xПравовые вопросы
_yРоссийская Федерация
_92172973
_3RU\NLR\AUTH\661307032
686 1 _aР11(2)285.6к4
686 1 _aХ621.154
700 1 _aАвксентьева
_bМ. В.
_gМария Владимировна
701 1 _aЖелезнякова
_bИ. А.
_gИнна Александровна
701 1 _aЗуев
_bА. В.
_f1984-
_gАлександр Владимирович
702 1 _aОмельяновский
_bВ. В.
_gВиталий Владимирович
_4340
712 0 2 _4570
_aЦентр экспертизы и контроля качества медицинской помощи
_cМосква
_9672611
_3RU\NLR\AUTH\880506329
942 _cBOOK
980 _aNB